000 00795nam a2200253Ia 4500
003 OSt
005 20220923213404.0
006 a|||||r|||| 00| 0
007 ta
008 220922b |||||||| |||| 00| 0 hin d
024 _a161,381
037 _cTextual
040 _aARTS
_cARTS
_bhin
041 _2hin
_ahin
082 _aO152,2M89:g, H7;J0
100 _aवाजपेयी, नन्ददुलारे
_9156285
245 0 _aजयशंकर प्रसाद आदि
246 _aJayashankar prasād ādi
250 _aसंस्क0 2
260 _c1947
650 _aहिन्दी साहित्य
_9156264
942 _hO152,2M89:g, H7;J0
_cTEXL
_2CC
999 _c316052
_d316052